Lý luận phê bình văn học
Spremljeno u:
| Glavni autor: | |
|---|---|
| Format: | Knjiga |
| Jezik: | Undetermined |
| Izdano: |
Đà Nẵng
Nhà xuất bản Đà Nẵng
2004
|
| Teme: | |
| Oznake: |
Dodaj oznaku
Bez oznaka, Budi prvi tko označuje ovaj zapis!
|
| Thư viện lưu trữ: | Trung tâm Học liệu Trường Đại học Cần Thơ |
|---|
| LEADER | 00585nam a2200205Ia 4500 | ||
|---|---|---|---|
| 001 | CTU_88802 | ||
| 008 | 210402s9999 xx 000 0 und d | ||
| 020 | |c 100000 | ||
| 082 | |a 895.92209 | ||
| 082 | |b Ph561 | ||
| 100 | |a Phương Lưu | ||
| 245 | 0 | |a Lý luận phê bình văn học | |
| 245 | 0 | |c Phương Lưu | |
| 260 | |a Đà Nẵng | ||
| 260 | |b Nhà xuất bản Đà Nẵng | ||
| 260 | |c 2004 | ||
| 650 | |a Vietnamese literature | ||
| 650 | |x History and criticism | ||
| 904 | |i Trúc,Hải | ||
| 980 | |a Trung tâm Học liệu Trường Đại học Cần Thơ | ||